000 00562nam a2200205 4500
003 OSt
005 20240621010635.0
006 a
008 240621b |||||||| |||| 00| 0 eng d
040 _aDWCL-HMN lib.
_cOC
082 _aCirc. 641.5944 F535c 1968
100 _aFisher, M.F.K.
245 _aThe Cooking of Provincial France /
260 _bTime-Life Books,
_cc1968.
300 _b208 p. : col. ill. map ;
_c28 cm.
490 _3Foods of the World
504 _aIncludes indexes.
650 _a1. French Cooking.
942 _2ddc
_n0
_cBK-CIRC
_kCirc.
999 _c1028
_d1028